000 004960000a22001690004500
041 0 _aENG
082 0 4 _aG 266.354 C2874t
100 1 _aCarmichael, Amy (Wilson) (1867-1951)
245 1 0 _aThings as they are mission work in southern India / Amy Wilson Carmichael
260 _aLondon, Great Britain : Fleming H. Revell
300 _aXV, 304 Pag
001 7738
942 _cBK
999 _c37943
_d37943
336 _atexto
_btxt
_2rdacontent
337 _2rdamedia
_asin mediación
_bn
338 _2rdacarrier
_avolumen
_bnc